El impacto del hombre sobre la tierra / (Registro nro. 48075)

Detalles MARC
000 -LEADER
fixed length control field 01104nam a2200301 4500
001 - CONTROL NUMBER
control field 0000016324
003 - CONTROL NUMBER IDENTIFIER
control field CO-CtgCURN
005 - DATE AND TIME OF LATEST TRANSACTION
control field 20250506203457.0
008 - FIXED-LENGTH DATA ELEMENTS--GENERAL INFORMATION
fixed length control field 160627s1997 000 0 eng d
020 ## - INTERNATIONAL STANDARD BOOK NUMBER
International Standard Book Number 9682442273
040 ## - CATALOGING SOURCE
Original cataloging agency CO-CtgCURN
Language of cataloging spa
Transcribing agency coctgcurn
082 0# - DEWEY DECIMAL CLASSIFICATION NUMBER
Classification number 113
Item number O53i
100 1# - MAIN ENTRY--PERSONAL NAME
Personal name Ondarza, Raul N.
245 13 - TITLE STATEMENT
Title El impacto del hombre sobre la tierra /
Statement of responsibility, etc. Raul N. Ondarza.
250 ## - EDITION STATEMENT
Edition statement 4a. Ed.
260 ## - PUBLICATION, DISTRIBUTION, ETC.
Place of publication, distribution, etc. Mexico :
Name of publisher, distributor, etc. Trillas,
Date of publication, distribution, etc. 1997.
300 ## - PHYSICAL DESCRIPTION
Extent 179 p.
336 ## - CONTENT TYPE
Source rdacontent
337 ## - MEDIA TYPE
Source rdamedia
Media type term sin mediacion
Media type code n
338 ## - CARRIER TYPE
Source rdacarrier
Carrier type term volumen
Carrier type code nc
500 ## - GENERAL NOTE
General note Incluye glosario (p. 163-164)
504 ## - BIBLIOGRAPHY, ETC. NOTE
Bibliography, etc. note Bibliografia (p. 165-167)
505 8# - FORMATTED CONTENTS NOTE
Formatted contents note Origen, edad y tamaño del universo.--Evolucion química y origen de la vida.--Origen y evolucion del hombre.--El impacto sobre la vegetacion, el clima y la atmosfera.--El impacto sobre el agua, el suelo y el paisaje.--El impacto sobre si mismo
650 #0 - SUBJECT ADDED ENTRY--TOPICAL TERM
Topical term or geographic name entry element Cosmología.
908 ## - PUT COMMAND PARAMETER (RLIN)
Put command parameter 160627
942 ## - ADDED ENTRY ELEMENTS (KOHA)
Koha item type Libros
Classification part 113
Item part O53i
Source of classification or shelving scheme Dewey Decimal Classification
999 ## - SYSTEM CONTROL NUMBERS (KOHA)
-- 1
Existencias
Withdrawn status Lost status Source of classification or shelving scheme Damaged status Not for loan Home library Current library Shelving location Date acquired Inventory number Total checkouts Full call number Barcode Date last seen Price effective from Koha item type Public note
    Dewey Decimal Classification     Miguel Henríquez Castañeda Miguel Henríquez Castañeda General 03/04/2019 001909   113 O53i 001909 03/04/2019 03/04/2019 Libros 110-METAFI